| 000 | 01334cam a2200313 4500 | ||
|---|---|---|---|
| 008 | 000000n2003 000 0 eng u | ||
| 020 | _a0728203979 | ||
| 035 | _a(Sirsi) u122875 | ||
| 041 | _aENG | ||
| 050 |
_a711.14 _c18 |
||
| 100 | _aDenyer-Green, Barry P. D. | ||
| 245 | _aCompulsory purchase and compensation | ||
| 250 | _a7th ed. | ||
| 260 |
_aLondon _bEstates Gazette _c2003 |
||
| 300 |
_alviii, 457p. _c22cm. |
||
| 350 | _a29 | ||
| 520 | _aA seventh edition of this classic text aimed at practitioners and students of estate management, planning and valuation. The four parts consider in turn compulsory purchase powers, how those powers can be exercised, compensation for compulsory purchase, and compensation and mitigation for worsenment. This edition has been updated to reflect case law and statutory developments whilst the chapter on statutory utilities has been expanded. Case law. | ||
| 520 | _aSuperseded by eighth edition (ISBN 0728204819) | ||
| 650 | _aPROPERTY-RURAL AND NATURAL ASSETS-AGRICULTURAL PROPERTY-AGRICULTURAL LAND | ||
| 650 | _aBLIGHT | ||
| 650 | _aCOMPENSATION | ||
| 650 | _aCOMPULSORY PURCHASE POWERS | ||
| 650 | _aDISTURBANCE | ||
| 650 |
_aUtilities _96272 |
||
| 650 | _aWAYLEAVES | ||
| 650 | _aWORSENMENT | ||
| 690 | _aCOMPULSORY PURCHASE AND COMPENSATION | ||
| 942 | _n0 | ||
| 999 |
_c102952 _d102952 |
||